Computerized business statistics (Record no. 6022)
[ view plain ]
| 000 -LEADER | |
|---|---|
| fixed length control field | 01035cmm a2200193 a 4500 |
| 020 ## - INTERNATIONAL STANDARD BOOK NUMBER | |
| ISBN | 0256176825 |
| 050 00 - CALL NUMBER | |
| Classification number | HF1017 |
| Item number | .O9 |
| 100 1# - AUTHOR | |
| Personal name | Hall, Owen P. |
| 245 10 - TITLE | |
| Title | Computerized business statistics |
| Statement of responsibility, etc | by Owen Hall. |
| 250 ## - EDITION | |
| Edition statement | Version 1.1a, 4th ed. |
| 260 ## - PUBLICATION INFORMATION | |
| Place of publication | Burr Ridge, Ill. : |
| Name of publisher | Irwin, |
| Year of publication | 1996. |
| 300 ## - DESCRIPTION | |
| Number of Pages | 1 computer disk ; |
| Dimensions | 3 1/2 in. + |
| Accompanying material | 1 manual (v, 231 p.) |
| 500 ## - NOTES | |
| General note | Title from disk label. |
| 500 ## - NOTES | |
| General note | Ed. statements from disk label and t.p. of manual. |
| 505 ## - FORMATTED CONTENTS NOTE | |
| Table of Content | 1. Introduction<br/>2. Database management<br/>3. Descriptive statistics<br/>4. Probability theory<br/>5. Probability functions<br/>6. Survey designs<br/>7. Sampling and estimation<br/>8. Hypothesis testing<br/>9. Simple linear correlation and regression<br/>10. Multiple regression analysis<br/>11. Time series and forecasting<br/>12. Chi-square analysis<br/>13. Analysis of variance<br/>14. Nonparametric methods<br/>15. Decision analysis<br/>16. Statistical quality control<br/>17. Appendices |
| 650 #0 - SUBJECTS | |
| Topical Term | Commercial statistics |
| General subdivision | Software. |
| 650 #0 - SUBJECTS | |
| Topical Term | Statistics |
| General subdivision | Software. |
| 942 ## - ADDED ENTRY ELEMENTS (KOHA) | |
| Koha item type | Books |
| Withdrawn status | Lost status | Collection code | Home library | Current library | Shelving location | Date acquired | Full call number | Accession Number | Koha item type |
|---|---|---|---|---|---|---|---|---|---|
| Non-fiction | Methodist University Library Main | Methodist University Library Main | General Stacks | 27/08/2019 | HF1017 .O9 | 15941 | Books | ||
| Non-fiction | Methodist University Library Main | Methodist University Library Main | General Stacks | 27/08/2019 | HF1017 .O9 | 14919 | Books | ||
| Non-fiction | Methodist University Library Main | Methodist University Library Main | General Stacks | 27/08/2019 | HF1017 .O9 | 15942 | Books | ||
| Reference | Methodist University Library Main | Methodist University Library Main | General Stacks | 27/08/2019 | HF1017 .O9 | 15943 | Books |